Quick Fours Quiz Stats

 Plays Quiz Updated Sep 14, 2012

Also try: Famous Foursomes
Challenge
Share
Tweet
Embed
Score 0/20 Timer 00:30
10 Plays Today
% Correct
Hearts
93.3%
Spades
92.1%
Diamonds
90.5%
Clubs
89.6%
Luke
78.5%
John
77.6%
Mark
76.1%
George Washington
73.9%
Matthew
73.8%
Abraham Lincoln
68.3%
% Correct
Theodore Roosevelt
58.2%
Thomas Jefferson
53.1%
Jerry
50.8%
Frodo
47.1%
Elaine
41.7%
Sam
40.6%
Kramer
38.3%
George
37.8%
Merry
29.8%
Pippin
29.1%

You're not logged in!

Compare scores with friends on all Sporcle quizzes.
OR
Log In

You Might Also Like...

Show Comments

Extras

Top Quizzes Today


Score Distribution

Your Account Isn't Verified!

In order to create a playlist on Sporcle, you need to verify the email address you used during registration. Go to your Sporcle Settings to finish the process.

Report this User

Report this user for behavior that violates our Community Guidelines.

Details: